| 000 | 01470nas a2200409 4500 | ||
|---|---|---|---|
| 001 | BR8200930 | ||
| 003 | BR-BrBNA | ||
| 005 | 20231205085035.0 | ||
| 007 | ta | ||
| 008 | 230509b bl.|||p| |||| 00| 00por d | ||
| 040 |
_aBR-BrBNA _bpor _cBiblioteca Nacional de Agricultura |
||
| 041 | _a(Pt) | ||
| 072 | _aF25; L30; L74 | ||
| 100 | 1 | _aSousa, J.C. de | |
| 100 | 1 | _aConrad, J.H. | |
| 100 | 1 | _aMott, G.O. | |
| 100 | 1 | _aMcDowell, L.R. | |
| 100 | 1 | _aAmmerman, C.B. | |
| 100 | 1 | _aBlue, W.G. | |
| 245 | 1 |
_aInterrelacoes entre minerais no solo, plantas forrageiras e tecido animal no norte de Mato Grosso, 4: zinco, magnesio, sodio e potassio [Gado de corte; Deficiencia mineral; Solo; Brasil] _bParte de tese |
|
| 246 | 1 |
_aInterrelationships among mineral levels in soil, forage, and animal tissues on ranches in northern Mato Grosso, 4: zinc, magnesium, sodium and potassium [Beef cattle; Mineral lack; Soil; Brazil] _b[Part of thesis] |
|
| 650 | _aFertilidade do solo | ||
| 650 | _aNutricao animal | ||
| 650 | _aDisturbio animal | ||
| 650 | _aGado de corte | ||
| 650 | _aPlanta forrageira | ||
| 650 | _aDeficiencia mineral | ||
| 650 | _aZinco | ||
| 650 | _aMagnesio | ||
| 650 | _aSodio | ||
| 650 | _aPotassio | ||
| 650 | _aSolo | ||
| 650 | _aMato Grosso | ||
| 773 | 0 |
_tPesquisa Agropecuaria Brasileira (Brazil) _xISSN 0100-204X _g(Jan 1982), v. 17(1) p. 11-20 _wBR8200930 |
|
| 909 |
_a202311 _bLúcia _c55 _dLúcia Elande |
||
| 942 |
_2AGRIS _n0 _cANA |
||
| 999 |
_c108845 _d108845 |
||